Materia orgánica : valor agronómico y dinámica en suelos pampeanos /

Guardado en:
Otros Autores: Álvarez, Roberto.
Formato: Libro
Idioma:Spanish
Publicado: Buenos Aires : FAUBA, c2006.
Etiquetas: Agregar Etiqueta
Sin Etiquetas, Sea el primero en etiquetar este registro!
LEADER 00493nam a22001455a 4500
001 EEA.libagro008018
005 20161117125839.0
008 130809s2006####ag#a##########000#0#spa#d
020 |a 9502909119 
082 0 4 |a 631.417 
245 0 0 |a Materia orgánica :  |b valor agronómico y dinámica en suelos pampeanos /  |c Roberto Álvarez, coord. 
260 |a Buenos Aires :  |b FAUBA,  |c c2006. 
300 |a 206 p. :  |b il. ;  |c 23 cm. 
700 1 |a Álvarez, Roberto. 
859 |a AR-BbBCA  |b BIB. AGRONOMIA  |h 631.417  |i A473  |p 2008/5407